00330nam a2200133Ia 4500003000500000008004100005020001800046040001900064082000700083100002000090245003500110260003900145546001200184STCL181203s9999 xx 000 0 und d a9788184875065 aSTCLbENcSTCL 222 aChoudhary, K.K. 0aNanoscience and Nanotechnology bNarosa PublishingaNew Delhic2016 aEnglish